Handbook of offshore oil and gas operations / (Record no. 19335)
[ view plain ]
| 000 -LEADER | |
|---|---|
| fixed length control field | 00927cam a22002655a 4500 |
| 001 - CONTROL NUMBER | |
| control field | 18283357 |
| 005 - DATE AND TIME OF LATEST TRANSACTION | |
| control field | 20160225103523.0 |
| 008 - FIXED-LENGTH DATA ELEMENTS--GENERAL INFORMATION | |
| fixed length control field | 140828s2015 maua frbd 001 0 eng d |
| 020 ## - INTERNATIONAL STANDARD BOOK NUMBER | |
| International Standard Book Number | 9781856175586 |
| 040 ## - CATALOGING SOURCE | |
| Original cataloging agency | DLC |
| Language of cataloging | eng |
| Transcribing agency | DLC |
| Modifying agency | DLC |
| -- | EG-ScBUE |
| -- | EG-ScBUE |
| -- | EG-ScBUE |
| 082 04 - DEWEY DECIMAL CLASSIFICATION NUMBER | |
| Classification number | 622.33819 |
| Item number | SPE |
| Edition number | 22 |
| 100 1# - MAIN ENTRY--PERSONAL NAME | |
| Personal name | Speight, James G. |
| 9 (RLIN) | 4382 |
| 245 10 - TITLE STATEMENT | |
| Title | Handbook of offshore oil and gas operations / |
| Statement of responsibility, etc | James G. Speight. |
| 250 ## - EDITION STATEMENT | |
| Edition statement | 1st ed. |
| 260 ## - PUBLICATION, DISTRIBUTION, ETC. (IMPRINT) | |
| Place of publication, distribution, etc | Waltham ; |
| -- | Oxford : |
| Name of publisher, distributor, etc | Gulf Professional Publishing / Elsevier, |
| Date of publication, distribution, etc | 2015. |
| 300 ## - PHYSICAL DESCRIPTION | |
| Extent | xiii, 429 p. : |
| Other physical details | ill. ; |
| Dimensions | 24 cm. |
| 500 ## - GENERAL NOTE | |
| General note | Glossary : p. 401-418. |
| 500 ## - GENERAL NOTE | |
| General note | Index : p. 419-429. |
| 504 ## - BIBLIOGRAPHY, ETC. NOTE | |
| Bibliography, etc | Includes bibliographical references. |
| 650 #7 - SUBJECT ADDED ENTRY--TOPICAL TERM | |
| Topical term or geographic name as entry element | Offshore oil well drilling. |
| Source of heading or term | BUEsh |
| 9 (RLIN) | 5117 |
| 650 #7 - SUBJECT ADDED ENTRY--TOPICAL TERM | |
| Topical term or geographic name as entry element | Petroleum |
| General subdivision | Transportation. |
| Source of heading or term | BUEsh |
| 9 (RLIN) | 37910 |
| 651 ## - SUBJECT ADDED ENTRY--GEOGRAPHIC NAME | |
| Source of heading or term | BUEsh |
| 653 ## - INDEX TERM--UNCONTROLLED | |
| Resource For college | Engineering, General |
| -- | Engineering, Petroleum |
| -- | BAEPS, Economics |
| Arrived date list | May2015 |
| -- | February2016 |
| 942 ## - ADDED ENTRY ELEMENTS (KOHA) | |
| Source of classification or shelving scheme | Dewey Decimal Classification |
| Call number prefix | 622.33819 SPE |
| Withdrawn status | Item status | Source of classification or shelving scheme | Damaged status | Not for loan | Vendor | Home library | Current library | Shelving location | Date acquired | Source of acquisition | Cost, normal purchase price | Serial Enumeration / chronology | Total Checkouts | Total Renewals | Full call number | Barcode | Date last seen | Date last borrowed | Cost, replacement price | Koha item type |
|---|---|---|---|---|---|---|---|---|---|---|---|---|---|---|---|---|---|---|---|---|
| Dewey Decimal Classification | Alahram | Central Library | Central Library | First floor | 11/05/2015 | 952.00 | 321 | 6 | 5 | 622.33819 SPE | 000038206 | 15/07/2025 | 07/12/2016 | 1190.00 | Book - Borrowing | |||||
| Dewey Decimal Classification | Baccah | Central Library | Central Library | First floor | 19/08/2015 | Purchase | 1120.00 | 21761 | 2 | 7 | 622.33819 SPE | 000039772 | 15/07/2025 | 13/02/2020 | 1400.00 | Book - Borrowing | ||||
| Dewey Decimal Classification | Academic Bookshop | Central Library | Central Library | First floor | 25/02/2016 | Purchase | 1600.00 | 4866 | 1 | 7 | 622.33819 SPE | 000031701 | 15/07/2025 | 23/10/2016 | 2000.00 | Book - Borrowing |